Hamilton Lyrics Sort #19 - History Has Its Eyes on You - Statistics

General Stats
  • This quiz has been taken 32 times
  • The average score is 9 of 14
Answer Stats
Hint Answer % Correct
Line 1 I was younger than you are now
94%
Line 2 When I was given my first command
88%
Line 3 I led my men straight into a massacre
75%
Line 5 I made every mistake and felt the shame rise in me
75%
Line 4 I witnessed their deaths firsthand
75%
Line 6 And even now I lie awake, knowing history has its eyes on me (whoa, whoa)
69%
Line 13 But remember from here on in, history has its eyes on you (whoa, whoa)
56%
Line 12 I know that greatness lies in you
56%
Line 9 When I was young and dreamed of glory
56%
Line 10 You have no control who lives, who dies, who tells your story
56%
Line 14 History has its eyes on you
50%
Line 11 I know that we can win
44%
Line 8 Let me tell you what I wish I'd known
44%
Line 7 History has its eyes on me (whoa, whoa, yeah)
31%
No matching quizzes found
Score Distribution
Percent of People with Each Score
Percentile by Number Answered
Your Score History
You have not taken this quiz